| 000 | 00435nam a22001457a 4500 | ||
|---|---|---|---|
| 082 |
_a620.136 _bNAW _cL,NUST, P-15 |
||
| 100 |
_aNawy Edward G _923340 |
||
| 245 |
_aFundamentals of high strength high performance concrete _cNawy Edward G |
||
| 260 |
_aUK _bLongman Group Ltd _c1996 |
||
| 300 | _axiii, 340 p,: | ||
| 526 |
_a0 _b0 _c0 _d620_136000000000000_NAW |
||
| 650 |
_aNUST _96342 |
||
| 700 |
_aNawy Edward G _923340 |
||
| 942 |
_2ddc _cBK |
||
| 999 |
_c545189 _d545189 |
||